Statistics for race across the world season 2

Click here to take the quiz!

General Stats

  • This quiz has been taken 5 times
  • The average score is 14 of 17

Answer Stats

Answer% Correct
Starting pointmexico
100%
finishing pointargentina
100%
was breifly mentioned (E3)ecuador
100%
honduras
80%
paraguay
80%
peru
80%
panama
80%
nicaragua
80%
el salvador
80%
guatemala
80%
belize
80%
colombia
80%
chile
80%
brazil
80%
bolivia
80%
uruguay
80%
costa rica
60%

Score Distribution

Percentile by Number Answered

Percent of People with Each Score

Your Score History

You have not taken this quiz